| 000 | 00968nam a2200301 i 4500 | ||
|---|---|---|---|
| 999 |
_c10040 _d10040 |
||
| 001 | 10040 | ||
| 003 | BD-JhCC | ||
| 005 | 20191214130949.0 | ||
| 008 | 180404s1976 enka 000 0 eng | ||
| 020 |
_a0718214455 : _c($10.50 U.S.) |
||
| 035 | _a(BD-JhCC)10040 | ||
| 040 |
_aDLC _cDLC _dDLC _dBD-JhCC |
||
| 041 | _aeng | ||
| 050 | 0 | 0 |
_aGV1017.H7 _bR42 1976 |
| 082 | 0 | 0 |
_a796.35/5 _bPOO 1967 |
| 100 | 1 | _aPoole, Geoff | |
| 245 | 1 | 0 |
_aBetter hockey / _cGeoff Poole |
| 250 | _aRev. ed., with 92 photos. | ||
| 260 |
_aLondon : _bKaye & Ward, _c1976. |
||
| 300 |
_a125 p. : _bill. ; _c23 cm. |
||
| 500 | _aStamped on t.p.: Distributed by Sportshelf, New Rochelle, N.Y. | ||
| 520 | _aDiscusses basic techniques and game strategies of field hockey emphasizing skillful individual play. | ||
| 650 | 0 | _aField hockey. | |
| 650 | 1 | _aField hockey. | |
| 710 | 2 |
_aAll England Women's Hockey Association. _bCoaching Sub-Committee. |
|
| 942 |
_2ddc _cREF |
||